Squatter citizen : life in the urban third world

Αποθηκεύτηκε σε:
Λεπτομέρειες βιβλιογραφικής εγγραφής
Κύριος συγγραφέας: Hardoy, Jorge Enrique
Άλλοι συγγραφείς: Satterthwaite, David
Μορφή: Βιβλίο
Γλώσσα:English
Δημοσίευση: London : Earthscan, 1989
Ετικέτες: Προσθήκη ετικέτας
Δεν υπάρχουν, Καταχωρήστε ετικέτα πρώτοι!

MARC

LEADER 00000nam a2200000 i 4500
001 1/86337
008 990712s1989 eng d
020 |a 1853830208 
035 |l 10052053 
040 |a GR-MY-UA  |b gre  |e aacr 
041 0 |a eng 
082 0 |a 909.097240828 
100 1 |a Hardoy, Jorge Enrique. 
245 1 0 |a Squatter citizen :  |b life in the urban third world /  |c by Jorge E. Hardoy and David Satterthwaite 
260 |a London :   |b Earthscan,   |c 1989 
300 |a ix, 374 p.;  |c 22 cm. 
500 |a Includes bibliographical references and index 
500 |a Reprinted 1995 
700 1 |a Satterthwaite, David. 
852 |a INST  |b LESVOS  |e 19990712  |h 118/ΤΓ  |p 005100021049  |q 005100021049  |t BK  |y 4  |x 20021129 
901 |a BIBL1-2000-2 
909 |a Λ  |b 063567 
922 |a 1ΕΛΗ  |b 199901  |c ΚΠΣ/ΤΓ  |d LEADER 
950 |a 118-1998-10-19 
970 |z 2000/04/ΠΑΝΤΖΑΛΗ ΣΟΦΙΑ